000 00288nam a2200109Ia 4500
008 200302s9999 xx 000 0 und d
100 _aTony Chapman
245 _aArchtiecture 09 : Riba Buildings Of The Year
260 _bMerrell Publishers Limited, London
260 _c2009
300 _a269
999 _c4563
_d4563